|
|
|
|
| LEADER |
01080nam a2200265 a 4500 |
| 001 |
15422869 |
| 008 |
120703r20102009caua bf 001 0 eng d |
| 010 |
|
|
|a 2008935899
|
| 020 |
|
|
|a 9781847871749
|
| 020 |
|
|
|a 9781847871756 (pbk.)
|
| 040 |
|
|
|a DLC
|c DLC
|d DLC
|d BD-DhAAL
|
| 082 |
0 |
0 |
|a 301/.01
|2 22
|
| 100 |
1 |
|
|a McNiff, Jean.
|
| 245 |
1 |
0 |
|a Doing and writing action research /
|c Jean McNiff, Jack Whitehead.
|
| 260 |
|
|
|a Thousand Oaks, CA :
|b Sage,
|c c2009.[Reprinted 2010]
|
| 300 |
|
|
|a vi, 201 p. :
|b ill ;
|c 25 cm.
|
| 504 |
|
|
|a Includes bibliographical references (p. [187]-195]) and index.
|
| 541 |
|
|
|a 00025523
|
| 650 |
|
0 |
|a Action research
|v Handbooks, manuals, etc.
|
| 650 |
|
0 |
|a English language
|x Rhetoric
|v Handbooks, manuals, etc.
|
| 650 |
|
0 |
|a Report writing
|v Handbooks, manuals, etc.
|
| 700 |
1 |
|
|a Whitehead, Jack.
|
| 852 |
1 |
|
|a Ayesha Abed Library
|j General shelf
|
| 999 |
|
|
|c 12465
|d 12465
|
| 952 |
|
|
|0 0
|1 0
|4 0
|6 301_010000000000000_MCN
|7 0
|9 20620
|a BRACUL
|b BRACUL
|c GEN
|d 2012-07-03
|e Karim International
|g 3500.00
|l 2
|o 301.01 MCN
|p 3010025523
|r 2018-10-09
|s 2018-09-11
|t 1
|w 2012-07-04
|y BK
|